| 000 | 00442 a2200157 4500 | ||
|---|---|---|---|
| 003 | OSt | ||
| 005 | 20240116142707.0 | ||
| 008 | 240116b |||||||| |||| 00| 0 eng d | ||
| 040 | _coclc | ||
| 082 |
_a297 _bMOU/T |
||
| 100 |
_aMoulavi, K P Muhammed _99863 |
||
| 245 |
_aThaqleed oru padanam / _cK P Muhammed bin Ahmed |
||
| 260 |
_aKerala: _bKNM, _c2012. |
||
| 300 | _a198p | ||
| 942 |
_2ddc _cBK _h297 _iMOU/T _k297 _mMOU/T |
||
| 999 |
_c43206 _d43206 |
||